Southville International School and Colleges
Your cart is empty.
  • Cart
  • Lists
    Public lists Eva Luna New books Lux_list list_1
    Your lists Log in to create your own lists
  • Log in to your account
  • Your cookies
  • Search history
Southville International School and Colleges
  • Advanced search
  • Recent comments
  • Most popular
  • Libraries

Log in to your account

Log in with GOOGLE


If you do not have an external account, but do have a local account, you can still log in:

  1. Home
  2. MARC view: Everything you need to know about world history homework :
Normal view MARC view ISBD view

Everything you need to know about world history homework : (Record no. 2489)

[ view plain ]
MARC details
000 -LEADER
fixed length control field 00699nam a22002177a 4500
003 - CONTROL NUMBER IDENTIFIER
control field OSt
005 - DATE AND TIME OF LATEST TRANSACTION
control field 20140310181733.0
008 - FIXED-LENGTH DATA ELEMENTS--GENERAL INFORMATION
fixed length control field 130319t xxu||||| |||| 00| 0 eng d
020 ## - INTERNATIONAL STANDARD BOOK NUMBER
International Standard Book Number 0590493655
050 ## - LIBRARY OF CONGRESS CALL NUMBER
Classification number D 21
Item number .Z44 1995
082 ## - DEWEY DECIMAL CLASSIFICATION NUMBER
Classification number TR 909
Item number Z4 c1994
100 ## - MAIN ENTRY--PERSONAL NAME
Personal name Zeman, Anne
9 (RLIN) 1228
245 ## - TITLE STATEMENT
Title Everything you need to know about world history homework :
Remainder of title a desk reference for students and parents /
Statement of responsibility, etc Anne Zeman, Kate Kelly
260 ## - PUBLICATION, DISTRIBUTION, ETC. (IMPRINT)
Place of publication, distribution, etc New York :
Name of publisher, distributor, etc Scholastic Reference,
Date of publication, distribution, etc c1995.
300 ## - PHYSICAL DESCRIPTION
Extent 129 p.
Other physical details ill. (some col.), col. maps
Dimensions 28 cm.
521 ## - TARGET AUDIENCE NOTE
Target audience note
541 ## - IMMEDIATE SOURCE OF ACQUISITION NOTE
-- 1
562 ## - COPY AND VERSION IDENTIFICATION NOTE
Number of copies 1
650 ## - SUBJECT ADDED ENTRY--TOPICAL TERM
Topical term or geographic name as entry element World history
General subdivision Juvenille literature
9 (RLIN) 1436
942 ## - ADDED ENTRY ELEMENTS (KOHA)
Source of classification or shelving scheme Library of Congress Classification
Koha item type
Call number prefix
Holdings
Withdrawn status Lost status Source of classification or shelving scheme Damaged status Home library Current library Shelving location Date acquired Total Checkouts Full call number Barcode Date last seen Copy number Price effective from Koha item type
    Library of Congress Classification   Luxembourg Library Luxembourg Library Teachers Reference Section 07/18/2013   D 21 .Z44 1995 5486 05/27/2015 1 10/03/2013 Books

Everything you need to know about world history homework :

APA

Zeman A., . (1995). Everything you need to know about world history homework. New York: Scholastic Reference.

Chicago

Zeman Anne, . 1995. Everything you need to know about world history homework. New York: Scholastic Reference.

Harvard

Zeman A., . (1995). Everything you need to know about world history homework. New York: Scholastic Reference.

MLA

Zeman Anne, . Everything you need to know about world history homework. New York: Scholastic Reference. 1995.

  • Place hold
  • Print
  • Cite
  • Add to your cart (remove)
  • Save record
    BIBTEX Dublin Core MARCXML MARC (non-Unicode/MARC-8) MARC (Unicode/UTF-8) MARC (Unicode/UTF-8, Standard) MODS (XML) RIS
  • More searches
    Search for this title in:
    Other Libraries (WorldCat) Other Databases (Google Scholar) Online Stores (Bookfinder.com) Open Library (openlibrary.org)

Exporting to Dublin Core...

SOUTHVILLE LIBRARY

Southville International School and Colleges Library

1281 Tropical Ave. Cor. Luxembourg St., BF Homes International, Las Pinas City

Tel. No. 8256374 / 252358 Loc. 117/146

Powered by Koha